| 000 | 00387nam a2200157Ia 4500 | ||
|---|---|---|---|
| 005 | 20250516024015.0 | ||
| 008 | 240331s9999 xx 000 0 und d | ||
| 020 | _a9559102028 | ||
| 082 |
_a294.3 _bGUN |
||
| 100 | _aGunawardhne, R | ||
| 245 | 0 | _aSivura ha nagula | |
| 260 |
_aColombo _bSocial Scientist Association _c1993 |
||
| 300 | _a402 p ., | ||
| 500 | _aRobe and plough | ||
| 942 | _cL | ||
| 999 |
_c920 _d920 |
||